Sosyal demokrat yönetime doğru (Record no. 959)

MARC details
000 -BAŞLIK
Sabit Uzunlukta Kontrol Alanı 00731na a2200253 4500
001 - KONTROL NUMARASI
Denetim Alanı 13117
003 - KONTROL NUMARASI IDENTIFIER
Denetim Alanı MIRAKIL
005 - SON İŞLEM TARİHİ VE ZAMANI
Denetim Alanı 20181213154807.0
008 - SABİT-BOY VERİ ELEMANLARI - GENEL BİLGİLER
Sabit Uzunlukta Kontrol Alanı 161025b tu 000 0
035 ## - SİSTEM KONTROL NUMARASI
Sistem Kontrol Numarası 13117
040 ## - KATALOGLAMA KAYNAK
Orijinal Kataloglama Ajansı Milas
Kataloglama Dili tur
Metne Dönüştürmek Ajansı TR-AnCHP
082 ## - DEWEY ONLU SINIFLANDIRMA NUMARASI
Sınıflandırma Numarası 321.8
Ürün Numarası Ö97s 1992
090 ## - SINIFLAMA NUMARASI
Sınıflama Numarası 321.8 Ö97s 1992
100 ## - ANA GİRİŞ - KİŞİSEL İSİM
Kişisel Ad Öztürk, Ali Rıza
245 ## - BAŞLIK TABLOSU
Başlık Sosyal demokrat yönetime doğru
Sorumluluk Tablosu, Vb Ali Rıza Öztürk
260 ## - YAYIN, DAĞITIM, VB
Yayın, Dağıtım, Vb Yeri Ankara
Yayıncı, Dağıtıcı, Vs Adı Pan Yayınları
Yayın, Dağıtım, Vb Tarihi 1992
300 ## - FİZİKSEL TANIM
Kapsam 208 s.
Boyutlar 20 sm.
504 ## - KAYNAKÇA VB NOT
Kaynakça Vb Notu Kaynakça var.
650 ## - KONU KATMA GİRİŞ - TOPİKAL DÖNEM
Topikal Süreli Veya Coğrafi Ad Giriş Elemanı Sosyal demokrasi
650 ## - KONU KATMA GİRİŞ - TOPİKAL DÖNEM
Topikal Süreli Veya Coğrafi Ad Giriş Elemanı Demokratik eğitim
650 ## - KONU KATMA GİRİŞ - TOPİKAL DÖNEM
Topikal Süreli Veya Coğrafi Ad Giriş Elemanı Sosyal demokrat yönetim
Genel Alt Bölümü Tarih
Coğrafi Alt Bölümü Türkiye
650 ## - KONU KATMA GİRİŞ - TOPİKAL DÖNEM
Topikal Süreli Veya Coğrafi Ad Giriş Elemanı Yönetim ve sistemler
Genel Alt Bölümü Demokratik sistemler
Kronolojik Alt Bölümü Partiler
942 ## - EKLENDİ GİRİŞ ELEMANLARI (KOHA)
Sınıflandırma Veya Raf Düzeni Kaynak Dewey Decimal Classification
Koha Öğesi Türü Books
999 ## - SİSTEM KONTROL NUMARALARI (KOHA)
Koha Biblionumber 959
Koha Biblioitemnumber 959
Holdings
Kalıcı Konum Mevcut Konum Edinme Tarihi Edinim Kaynak Toplam Check-Out'Lar Tam Çağrı Numarası Barkod Tarih Son Görülme İtibaren Geçerli Fiyatlar Koha Öğesi Türü
CHP Kütüphanesi CHP Kütüphanesi 08/08/2016 Bağış   321.8 Ö97s 1992 000650 08/08/2016 08/08/2016 Books